Statistiques concernant Capitales contenant la lettre N

Cliquez ici pour prendre le quiz!

Statistiques générales

  • Ce quiz a été pris 364 fois
    (228 depuis la dernière actualisation)
  • Le résultat moyen est 67 sur 92

Statistiques - réponses

Réponse% Correct
Minsk
92%
Washington
92%
Berlin
91%
Lisbonne
91%
Saint-Marin
91%
Athènes
90%
Londres
90%
Tallinn
90%
Dublin
89%
Vatican
89%
Wellington
89%
Berne
88%
Canberra
88%
Pékin
86%
Buenos Aires
85%
Helsinki
85%
Santiago
85%
Vienne
85%
Andorre-la-Vieille
84%
Vilnius
84%
Asuncion
82%
Kingston
82%
Kingstown
82%
Nairobi
82%
Oulan-Bator
82%
Montevideo
81%
Tunis
81%
Antananarivo
80%
Copenhague
80%
New Delhi
80%
Erevan
79%
Monaco
79%
Kinshasa
78%
Manille
78%
Téhéran
78%
Vientiane
78%
Hanoï
77%
Panama
77%
Pyongyang
77%
Chisinau
76%
Phnom Penh
76%
Ankara
75%
La Havane
75%
Ljubljana
75%
San José
75%
N'Djaména
74%
Tirana
74%
Niamey
73%
Singapour
73%
Yaoundé
73%
Amman
72%
Bangkok
72%
Freetown
72%
Managua
71%
Nicosie
71%
Tachkent
71%
Bangui
70%
Belmopan
70%
Luanda
70%
Astana
69%
Georgetown
69%
Pristina
69%
San Salvador
69%
Nouakchott
68%
Port-au-Prince
68%
Sanaa
68%
Conakry
67%
Katmandou
67%
Saint-Domingue
67%
Monrovia
66%
Douchanbé
64%
Porto-Novo
64%
Bridgetown
63%
Gaborone
62%
Yaren
62%
Bandar Seri Begawan
61%
Nassau
61%
Port-d'Espagne
61%
Saint-Georges
61%
Saint John's
61%
Banjul
60%
Manama
60%
Moroni
59%
Windhoek
58%
Mbabane
56%
Naypyidaw
56%
Funafuti
54%
Honiara
51%
Sri Jayawardenapura Kotte
49%
Lilongwe
47%
Ngerulmud
45%
Nuku'alofa
44%

Distribution des résultats

Percentile par nombre de réponses

% des personnes avec chaque résultat

Votre développement - résultats

Vous n’avez pas pris ce quiz depuis la dernière actualisation